000 00692nam a22002297a 4500
003 KOHA_MİRAKIL
005 20260424080948.0
008 260421b tu ||||| |||| 00| 0 tur d
020 _a9789754069006
040 _aTR-AnABB
_btur
_cTR-AnABB
041 _atur
082 _a813.081
_bDIK 2010
100 1 _aDikmen, Veysel
245 1 0 _aKayıp ruhlar cenneti /
_cVeysel Dikmen
250 _a1. basım
260 _aİstanbul :
_bCem Yayınevi ,
_c2010
300 _a840 sayfa ;
_c20 cm
500 _aYazar tarafından Prof. Dr. Ruşen Keleş için imzalanmıştır.
651 0 4 _aTürk edebiyatı, tarih romanı
_93547
900 _bCan ÇELIK
942 _2ddc
_cBK
999 _c10308
_d10308